000 00864nam a22002297a 4500
005 20250505110754.0
008 250505b |||||||| |||| 00| 0 eng d
020 _a978-81-260-4233-3 (pbk)
037 _cTB
040 _aCRL
_cCRL
041 _2Pun
_aPun
084 _aO153,1M99:g Q3
_qCRL
100 _aਭਾਟੀਆ, ਹਰਭਜਨ ਸਿੰਘ
_9753845
245 _aਮੋਹਨ ਸਿੰਘ ਦੀਵਾਨਾ
260 _aਦਿੱਲੀ, ਭਾਰਤ:
_bਸਾਹਿਤ ਅਕੈਡਮੀ,
_c2013.
300 _a147ਪ.
365 _b50.00
_cINR
650 _aਪੰਜਾਬੀ ਸਾਹਿਤ
650 _aਪੰਜਾਬੀ ਕਾਵਿ
942 _2CC
_cTB
_hO153,1M99:g Q3
_n0
999 _c1309996
_d1309996